00238nam a2200097Ia 4500008004100000100001100041245004200052260002200094942000700116999001700123190216s9999||||xx |||||||||||||| ||und|| aDorain 0aAkarbanika Resathanthrathile Sammitha bKerala Basha Inst cBK c37710d37710